000 00668nam a2200253Ia 4500
003 OSt
005 20221007072826.0
006 a|||||r|||| 00| 0
007 ta
008 221006b |||||||| |||| 00| 0 eng d
024 _a19,040
037 _cTextual
040 _aFLL
_cFLL
_beng
041 _2eng
_aeng
082 _aZ:211:46, K1
100 _aEddy Au.
_9691439
245 0 _aLaw of distress
250 _a3rd
260 _aLondon
_bSweet and maxwell limited England
_c1961
300 _a220p
_ccm.
700 _a Maclennan I. Au.
_9691440
942 _hZ:211:46, K1
_cTEXL
_2CC
999 _c1147050
_d1147050